"A" Road End Points UK #9 - Statistics

General Stats
  • This quiz has been taken 16 times
  • The average score is 13 of 20
Answer Stats
Road number Placename % Correct
A80 Start Glasgow
100%
A74 End Glasgow
100%
A77 End Glasgow
100%
A79 Start Ayr
92%
A71 End Edinburgh
92%
A75 Start Gretna
92%
A76 End Kilmarnock
92%
A76 Start Dumfries
83%
A77 Start Portpatrick
83%
A75 End Stranraer
75%
A78 Start Greenock
67%
A71 Start Irvine
67%
A73 Start Abington
50%
A73 End Cumbernauld
50%
A72 Start Hamilton
42%
A78 End Monkton
42%
A79 End Prestwick Airport
42%
A72 End Galashiels
17%
A80 End Moodiesburn
17%
A74 Start Viewpark
17%
No matching quizzes found
Score Distribution
Percent of People with Each Score
Percentile by Number Answered
Your Score History
You have not taken this quiz